Pays qui ont gagné le plus de tournois du Grand Chelem en Tennis - Statistiques

Statistiques générales
  • Ce quiz a été pris 63 413 fois
    15 694 depuis la dernière actualisation
  • Le résultat moyen est 12 sur 16
Statistiques - réponses
Messieurs Dames Pays % Correct
35 7 Espagne
99%
52 90 États-Unis
98%
(1) 5 France
97%
23 5 Suisse
92%
5 (2) Italie
90%
(3) 6 Royaume-Uni
90%
5 8 Russie
90%
24 10 Yougoslavie / Serbie
87%
7 25 RFA / Allemagne
86%
20 24 Australie
75%
25 (0) Suède
73%
(0) 6 Pologne
66%
(0) 11 Belgique
64%
6 (1) Argentine
58%
12 10 Tchécoslovaquie / Tchéquie
46%
(0) 6 Biélorussie
37%
Aucun quiz correspondant
Distribution des résultats
% des personnes avec chaque résultat
Percentile par nombre de réponses
Votre historique - résultats
Vous n’avez pas pris ce quiz depuis la dernière actualisation